Normal view MARC view
  • Supervisor DR. MOHSIN ISLAM TIWANA ABSTRACT

Entry Personal Name

Number of records used in: 1

001 - CONTROL NUMBER

  • control field: 73173

003 - CONTROL NUMBER IDENTIFIER

  • control field: NUST

005 - DATE AND TIME OF LATEST TRANSACTION

  • control field: 20210628204958.0

008 - FIXED-LENGTH DATA ELEMENTS

  • fixed length control field: 210628|| aca||aabn | a|a d

040 ## - CATALOGING SOURCE

  • Original cataloging agency: NUST
  • Transcribing agency: NUST

100 ## - HEADING--PERSONAL NAME

  • Personal name: Supervisor DR. MOHSIN ISLAM TIWANA ABSTRACT

670 ## - SOURCE DATA FOUND

  • Source citation: Work cat.: (NUST): MUHAMMAD IRFAN KHAN 73172, TH-SOF-1769-Classification of Indoor vs Outdoor induction labour success, 2020
© 2023 Central Library, National University of Sciences and Technology. All Rights Reserved.